Sports Quiz

Random Sports or Football Quiz

Goal Scoring Goalies Quiz Stats

 Plays Quiz not verified by Sporcle

Challenge
Share
Tweet
Embed
Score 0/10 Timer 10:00
0 Plays Today
Teams Played For Name % Correct
Paraguay, San Lorenzo, Real Zaragoza, Vélez Sársfield, Peñarol, Strasbourg, Sportivo Luqueno, GuaraniJosé Luis Chilavert
86.5%
Brazil, São PauloRogério Ceni
75.7%
Germany, Hamburg, Bayer Leverkusen, Bayern Munich, SL Benfica, OldenburgHans-Jörg Butt
75.7%
Colombia, Deportivo Rionegro, Deportivo Pereira, Guaros de Lara FC, Bajo Cauca FC, Aucas, Atletico Junior, Real Cartagena, Independiente Medellín, Tiburones Rojos de Veracruz, AtlRené Higuita
62.2%
Mexico, UNAM Pumas, Atlante, Tigres, Puebla, Chicago Fire, Cruz Azul, Los Angeles GalaxyJorge Campos
51.4%
El Salvador, Luis Ángel Firpo, San Salvador, Águila, Alianza, MetapánMisael Alfaro
8.1%
Club Deportivo PalestinoMarco Cornez
8.1%
Bulgaria, Levski Sofia, Kayserispor, BursasporDimitar Ivankov
5.4%
Peru, Sport Boys, Union Huaral, Universidad San Martín de Porres, FBC Melgar, Sporting Cristal, Sport Ancash, CiencianoJohnny Vegas Fernández
5.4%
Yugoslavia, Radnički Niš, Girondins de Bordeaux, FK Timok Zajecar, FK GraficarDragan Pantelić
5.4%

You're not logged in!

Compare scores with friends on all Sporcle quizzes.
OR
Log In

You Might Also Like...

Show Comments

Extras

Top Quizzes Today


Score Distribution

Your Account Isn't Verified!

In order to create a playlist on Sporcle, you need to verify the email address you used during registration. Go to your Sporcle Settings to finish the process.

Report this User

Report this user for behavior that violates our Community Guidelines.

Details: